Automatická identifikácia problémov použiteľnosti na Webe z údajov pohľadu používateľa

Enregistré dans:
Détails bibliographiques
Auteur principal: Víťaz, Matej (Auteur)
Autres auteurs: Kuric, Eduard (Directeur de thèse)
Format: Manuscrit Livre
Langue:slovaque
Publié: 2018
Sujets:
Accès en ligne:http://is.stuba.sk/zp/portal_zp.pl?podrobnosti=138083
Tags: Ajouter un tag
Pas de tags, Soyez le premier à ajouter un tag!

MARC

LEADER 00000ntm a22000003a 4500
001 stuzp70448
003 SK-STU
005 20190408121656.6
007 ta
008 150427s2015----xo-----f-mn---000-0-slo-d
040 |a STU  |b slo 
041 0 |a slo 
044 |a xo 
100 1 |a Víťaz, Matej  |u 070200  |k Z4  |4 aut  |U FIIT Fakulta informatiky a informačných technológií  |T FIIT Ústav informatiky, informačných systémov a softvérového inžinierstva  |X 72442  |U I200  |Y 179  |7 72442 
242 0 1 |a Automatic Identification of Usability Problems on the Web from Eye-Tracking Data  |y eng 
245 1 0 |a Automatická identifikácia problémov použiteľnosti na Webe z údajov pohľadu používateľa 
260 |c 2018 
300 |a 46 s., príl,  |e CD-rom 
650 4 |a pohľad používateľa  |2 slo 
650 4 |a problém použiteľnosti  |2 slo 
650 4 |a automatická identifikácia  |2 slo 
650 4 |a usability problem  |2 eng 
650 4 |a eye-tracker  |2 eng 
650 4 |a automatic identification  |2 eng 
700 1 |a Kuric, Eduard  |u 070200  |k Z1  |4 ths  |U FIIT Fakulta informatiky a informačných technológií  |T FIIT Ústav informatiky, informačných systémov a softvérového inžinierstva  |X 17452  |U I200  |Y 179  |7 17452 
856 4 |u http://is.stuba.sk/zp/portal_zp.pl?podrobnosti=138083 
996 |b IZP20180228  |c I*DP81/18  |l II680  |s P  |a 0  |w stuzp70448_0001